<?xml version="1.0" encoding="UTF-8"?>
<record
    xmlns:xsi="http://www.w3.org/2001/XMLSchema-instance"
    xsi:schemaLocation="http://www.loc.gov/MARC21/slim http://www.loc.gov/standards/marcxml/schema/MARC21slim.xsd"
    xmlns="http://www.loc.gov/MARC21/slim">

  <leader>00704nam a2200181Ia 4500</leader>
  <controlfield tag="008">090630s9999    xx            000 0 und d</controlfield>
  <datafield tag="082" ind1=" " ind2=" ">
    <subfield code="b">5566</subfield>
  </datafield>
  <datafield tag="100" ind1=" " ind2=" ">
    <subfield code="a">&#x921;&#x949;. &#x91C;&#x93E;&#x92F;&#x938;&#x94D;&#x935;&#x93E;&#x932; &#x91C;&#x92F;&#x928;&#x93E;&#x930;&#x93E;&#x92F;&#x923;.</subfield>
  </datafield>
  <datafield tag="245" ind1=" " ind2=" ">
    <subfield code="a">&#x928;&#x93F;&#x930;&#x94D;&#x926;&#x94B;&#x937; &#x932;&#x902;&#x918;&#x928;.</subfield>
    <subfield code="c">&#x921;&#x949;. &#x91C;&#x93E;&#x92F;&#x938;&#x94D;&#x935;&#x93E;&#x932; &#x91C;&#x92F;&#x928;&#x93E;&#x930;&#x93E;&#x92F;&#x923;.</subfield>
  </datafield>
  <datafield tag="260" ind1=" " ind2=" ">
    <subfield code="b">&#x917;&#x94B;&#x92A;&#x93E;&#x932; &#x917;&#x94D;&#x930;&#x902;&#x925; &#x917;&#x943;&#x939;.</subfield>
    <subfield code="c">1980</subfield>
  </datafield>
  <datafield tag="300" ind1=" " ind2=" ">
    <subfield code="a">84</subfield>
  </datafield>
  <datafield tag="600" ind1=" " ind2=" ">
    <subfield code="a">&#x921;&#x949;. &#x91C;&#x93E;&#x92F;&#x938;&#x94D;&#x935;&#x93E;&#x932; &#x91C;&#x92F;&#x928;&#x93E;&#x930;&#x93E;&#x92F;&#x923;.</subfield>
  </datafield>
  <datafield tag="630" ind1=" " ind2=" ">
    <subfield code="a">&#x928;&#x93F;&#x930;&#x94D;&#x926;&#x94B;&#x937; &#x932;&#x902;&#x918;&#x928;.</subfield>
  </datafield>
  <datafield tag="655" ind1=" " ind2=" ">
    <subfield code="a">&#x907;&#x924;&#x930;.</subfield>
  </datafield>
  <datafield tag="700" ind1=" " ind2=" ">
    <subfield code="a">&#x921;&#x949;. &#x91C;&#x93E;&#x92F;&#x938;&#x94D;&#x935;&#x93E;&#x932; &#x91C;&#x92F;&#x928;&#x93E;&#x930;&#x93E;&#x92F;&#x923;.</subfield>
  </datafield>
  <datafield tag="730" ind1=" " ind2=" ">
    <subfield code="a">&#x928;&#x93F;&#x930;&#x94D;&#x926;&#x94B;&#x937; &#x932;&#x902;&#x918;&#x928;.</subfield>
  </datafield>
  <datafield tag="942" ind1=" " ind2=" ">
    <subfield code="c">BOOK</subfield>
  </datafield>
  <datafield tag="999" ind1=" " ind2=" ">
    <subfield code="c">257422</subfield>
    <subfield code="d">257422</subfield>
  </datafield>
  <datafield tag="952" ind1=" " ind2=" ">
    <subfield code="0">0</subfield>
    <subfield code="1">0</subfield>
    <subfield code="4">0</subfield>
    <subfield code="7">0</subfield>
    <subfield code="a">SAWASHRI</subfield>
    <subfield code="b">SAWASHRI</subfield>
    <subfield code="d">0000-00-00</subfield>
    <subfield code="g">6.50</subfield>
    <subfield code="l">0</subfield>
    <subfield code="o">5566</subfield>
    <subfield code="p">SAWASHRI-5566</subfield>
    <subfield code="r">2009-06-30 00:00:00</subfield>
    <subfield code="v">6.50</subfield>
    <subfield code="w">2009-06-30</subfield>
    <subfield code="y">BOOK</subfield>
  </datafield>
</record>
